00911 2200241 4500001002100000005001500021035002000036008004100056020001100097041000800108082001200116084001800128100001700146245004400163250001300207260004300220300002700263500003300290520027900323650001700602990002500619990002500644INLIS00000000000580220221101022937 a0010-0520005802221101 | | ind  a979999 aind a345.077 a345.077 AHK e0 aAhkiar Salmi1 aEksistensi Hukuman Mati /cAhkiar Salmi aCet ke-1 aJakarta :bRinehart and Winston,c1985 av,137p.;18 cm ;c18 cm aSumbangan dari Laica Marzuki aBuku ini membahas tentang Eksistensi Hukuman Mati dan Pelaksanaannya Dalam Perundang-undangan Indonesia, sejarah KUHP Indonesia, hukuman mati yang terdapat dalam KUHP, hukuman mati yang terdapat diluar KUHP, upaya hukum penghapus hukuman mati, cara pelaksanaan hukuman mati. 4aHukuman mati a05188/MKRI-P/II-2008 a05188/MKRI-P/II-2008